[Event "Titled Tue 26th Aug Early"]
[Site "chess.com INT"]
[Date "2025.08.26"]
[Round "11"]
[White "Kaufman, David"]
[Black "Shearsby, Jude"]
[Result "1-0"]
[WhiteTitle "IM"]
[BlackTitle "CM"]
[WhiteElo "2447"]
[BlackElo "2270"]
[WhiteFideId "34220194"]
[BlackFideId "462527"]
[EventDate "2025.08.26"]

1. Nf3 g5 2. Nxg5 e5 3. Nf3 e4 4. Nd4 Bg7 5. e3 a5 6. d3 exd3 7. Bxd3 d5 8. Nc3
Ne7 9. Qh5 Qd6 10. Ncb5 Qb6 11. a4 Nbc6 12. Qg5 Kf8 13. c3 Ne5 14. Be2 Rg8 15.
Qh5 c5 16. Nf3 Bf5 17. Nxe5 Bxe5 18. g4 Be4 19. f3 Bg6 20. Qxe5 Re8 21. Qd6 Qc6
22. e4 dxe4 23. Bh6+ Rg7 24. Bxg7+ Kxg7 25. Qxc6 Nxc6 26. Nd6 Re6 27. Nxe4 Ne5
28. O-O-O Nxf3 29. Bxf3 Bxe4 30. Bxe4 Rxe4 31. h3 Rxa4 32. Kc2 Re4 33. Rhe1 Rf4
34. Rf1 Re4 35. Rd7 h5 36. Rdxf7+ Kg6 37. R1f6+ Kg5 38. Rf5+ Kh4 39. Rxh5+ Kg3
40. Rxc5 b5 41. Rxb5 a4 42. Rb4 Re2+ 43. Kb1 Re8 44. Rxa4 Re1+ 45. Ka2 Re8 46.
g5 Kh2 47. g6 Re3 48. g7 Rd3 49. g8=Q Rg3 50. Rf2+ Kh1 51. Qd5+ Kg1 52. Rg4 Kxf2
53. Qd2+ Kf1 54. Qf4+ Rf3 55. Qxf3+ Ke1 56. Rg1+ Kd2 57. Rd1+ Kc2 58. Qd3# 1-0

[Event "Titled Tue 26th Aug Early"]
[Site "chess.com INT"]
[Date "2025.08.26"]
[Round "11"]
[White "Liu, Casper"]
[Black "Alonso Rosell, Alvar"]
[Result "0-1"]
[WhiteTitle "FM"]
[BlackTitle "GM"]
[WhiteElo "2361"]
[BlackElo "2536"]
[WhiteFideId "1454153"]
[BlackFideId "2270544"]
[EventDate "2025.08.26"]

1. d4 Nf6 2. Bf4 c5 3. e3 Qb6 4. Na3 d6 5. Nc4 Qc7 6. a4 g6 7. Nf3 Bg7 8. c3 O-O
9. h3 Be6 10. Ncd2 cxd4 11. exd4 Bd5 12. Be2 Nc6 13. O-O e5 14. dxe5 dxe5 15.
Bg3 Rad8 16. Re1 Rfe8 17. Bb5 Bxf3 18. gxf3 Bh6 19. Re2 Nh5 20. Qe1 Nf4 21. Ne4
Qe7 22. Kh2 f5 23. Bxc6 bxc6 0-1

[Event "Titled Tue 26th Aug Early"]
[Site "chess.com INT"]
[Date "2025.08.26"]
[Round "11"]
[White "Smieszek, Wojciech"]
[Black "Shafer, Logan C"]
[Result "0-1"]
[WhiteTitle "CM"]
[BlackTitle "CM"]
[WhiteElo "2141"]
[BlackElo "2234"]
[WhiteFideId "1156047"]
[BlackFideId "30993342"]
[EventDate "2025.08.26"]

1. e4 e6 2. d4 d5 3. Nc3 Nf6 4. Bg5 h6 5. Bxf6 Qxf6 6. e5 Qd8 7. f4 c5 8. Nf3
Nc6 9. Be2 a6 10. a4 Qb6 11. dxc5 Bxc5 12. Qd2 Be3 13. Qd3 Nb4 14. Qd1 Bxf4 15.
a5 Qe3 16. Ra4 Qc5 17. g3 Be3 18. Kf1 Bd7 19. Ra1 O-O 20. Kg2 f6 21. Rf1 f5 22.
Na4 Bxa4 23. Rxa4 Nc6 24. Qd3 d4 25. Rc4 Qd5 26. Kh3 g5 27. Nd2 Nxe5 28. Bf3 g4+ 0-1

[Event "Titled Tue 26th Aug Early"]
[Site "chess.com INT"]
[Date "2025.08.26"]
[Round "11"]
[White "Gavarrete, Nahun"]
[Black "Amarasinghe, A A C B"]
[Result "0-1"]
[WhiteTitle "FM"]
[BlackTitle "CM"]
[WhiteElo "2281"]
[BlackElo "1963"]
[WhiteFideId "8400709"]
[BlackFideId "9901809"]
[EventDate "2025.08.26"]

1. e4 e6 2. d4 d5 3. e5 c5 4. c3 Nc6 5. Nf3 Bd7 6. a3 f6 7. b4 fxe5 8. Nxe5 Nxe5
9. dxe5 Qc7 10. f4 g6 11. Be3 Nh6 12. Bd3 c4 13. Bc2 Bg7 14. O-O O-O 15. h3 Nf5
16. Bxf5 Rxf5 17. Nd2 Raf8 18. Nf3 h6 19. Nd4 R5f7 20. Qd2 a6 21. a4 g5 22. fxg5
Rxf1+ 23. Rxf1 Rxf1+ 24. Kxf1 hxg5 25. Bxg5 Qxe5 26. Bf4 Qe4 27. Qe3 e5 28. Qxe4
dxe4 29. Ne2 exf4 30. Nxf4 Bxc3 31. Nd5 Bg7 32. Ke2 Bxa4 33. Nb6 Bb3 34. Kd2 c3+
35. Kc1 Bh6+ 36. Kb1 c2+ 37. Kb2 c1=Q+ 38. Kxb3 e3 39. Nc4 e2 40. Ka4 Qxc4 41.
Ka5 e1=Q 42. Kb6 Qee6+ 43. Ka7 Be3+ 44. Ka8 Qcc8# 0-1

[Event "Titled Tue 26th Aug Early"]
[Site "chess.com INT"]
[Date "2025.08.26"]
[Round "11"]
[White "Alazmi, Amani"]
[Black "Sergiienko, Andrii"]
[Result "1-0"]
[WhiteTitle "WCM"]
[WhiteElo "1745"]
[BlackElo "1921"]
[WhiteFideId "10303553"]
[BlackFideId "14194376"]
[EventDate "2025.08.26"]

1. c4 c6 2. e4 e6 3. d4 d5 4. e5 Bb4+ 5. Nc3 c5 6. a3 Bxc3+ 7. bxc3 dxc4 8. Bxc4
cxd4 9. cxd4 Nc6 10. Nf3 Nge7 11. O-O O-O 12. Bg5 h6 13. Bh4 Qe8 14. Bd3 Nd5 15.
Bc2 b6 16. Qd3 g6 17. Qd2 Kh7 18. Bg3 1-0

[Event "Titled Tue 26th Aug Early"]
[Site "chess.com INT"]
[Date "2025.08.26"]
[Round "11"]
[White "Lotero, Faiber"]
[Black "Myagmarsuren, Evsuld"]
[Result "0-1"]
[WhiteTitle "FM"]
[BlackTitle "FM"]
[WhiteElo "2127"]
[BlackElo "2247"]
[WhiteFideId "4404190"]
[BlackFideId "1551639"]
[EventDate "2025.08.26"]

1. d4 Nf6 2. c4 e6 3. Nc3 d5 4. cxd5 exd5 5. Bg5 Be7 6. e3 O-O 7. Bd3 Re8 8. Qc2
h6 9. Bf4 c6 10. h3 Nbd7 11. Nge2 Nf8 12. g4 Ne6 13. Bg3 Bd6 14. O-O-O a5 15.
Rdg1 b5 16. Bxd6 Qxd6 17. h4 b4 18. Na4 Ne4 19. Bxe4 dxe4 20. g5 Ba6 21. gxh6
Bd3 22. Qb3 c5 23. Nf4 cxd4 24. Nxe6 Rxe6 25. Rxg7+ Kh8 26. exd4 Qf4+ 27. Kd1
Qf3+ 28. Ke1 Qe2# 0-1

[Event "Titled Tue 26th Aug Early"]
[Site "chess.com INT"]
[Date "2025.08.26"]
[Round "11"]
[White "Buksa, Nataliya"]
[Black "Tureshbayev, Anuar"]
[Result "1-0"]
[WhiteTitle "IM"]
[BlackTitle "CM"]
[WhiteElo "2400"]
[BlackElo "2214"]
[WhiteFideId "14123622"]
[BlackFideId "651081709"]
[EventDate "2025.08.26"]

1. d4 d5 2. Nf3 Nf6 3. e3 e6 4. Bd3 Bd6 5. b3 b6 6. Bb2 Bb7 7. Nbd2 c5 8. Ne5
O-O 9. O-O Nbd7 10. Qe2 Qc7 11. f4 Ne4 12. Rf3 f5 13. Rh3 Ndf6 14. Rd1 cxd4 15.
exd4 Bxe5 16. fxe5 Ne8 17. Bxe4 dxe4 18. c4 b5 19. Ba3 Rf7 20. Rc1 bxc4 21. bxc4
Ba6 22. Qe3 Rc8 23. d5 exd5 24. cxd5 1-0

[Event "Titled Tue 26th Aug Early"]
[Site "chess.com INT"]
[Date "2025.08.26"]
[Round "11"]
[White "Gomes, Luiz Alexandre de Souza"]
[Black "Pournami S"]
[Result "1-0"]
[WhiteTitle "FM"]
[BlackTitle "WCM"]
[WhiteElo "2254"]
[BlackElo "1753"]
[WhiteFideId "2102790"]
[BlackFideId "25732439"]
[EventDate "2025.08.26"]

1. e4 c5 2. Nf3 d6 3. d4 cxd4 4. Nxd4 Nf6 5. Nc3 a6 6. Rg1 e6 7. g4 b5 8. g5
Nfd7 9. Be3 Bb7 10. a3 Nc5 11. f3 Nbd7 12. Qd2 Qc7 13. O-O-O Be7 14. h4 Nb6 15.
h5 d5 16. g6 fxg6 17. hxg6 Nc4 18. Bxc4 bxc4 19. gxh7 Rxh7 20. exd5 exd5 21. Nf5
O-O-O 22. Nxe7+ Qxe7 23. Bg5 Qc7 24. Bxd8 Qxd8 25. Nxd5 Rh6 26. Qg5 Qd6 27. Ne7+ 1-0

[Event "Titled Tue 26th Aug Early"]
[Site "chess.com INT"]
[Date "2025.08.26"]
[Round "11"]
[White "Aravindh, Chithambaram VR."]
[Black "Popov, Tikhon"]
[Result "1-0"]
[WhiteTitle "GM"]
[BlackTitle "FM"]
[WhiteElo "2723"]
[BlackElo "2335"]
[WhiteFideId "5072786"]
[BlackFideId "24252026"]
[EventDate "2025.08.26"]

1. b3 e5 2. Bb2 Nc6 3. e3 a6 4. c4 Nf6 5. Nf3 e4 6. Nd4 Nxd4 7. Bxd4 d5 8. Nc3
c6 9. cxd5 cxd5 10. f3 Be6 11. fxe4 Nxe4 12. Nxe4 dxe4 13. Qh5 Bb4 14. Bc4 Qa5
15. Qxa5 Bxa5 16. Bxe6 fxe6 17. Ke2 Rd8 18. b4 Bxb4 19. Rhb1 Bxd2 20. Rxb7 Ba5
21. Rf1 e5 22. Rff7 Rd5 23. Rbe7+ Kd8 24. Ra7 Ke8 25. Rfe7+ Kd8 26. Rxg7 Ke8 27.
Rge7+ Kd8 28. Rxe5 Rxe5 29. Bxe5 Rg8 30. Ra8+ 1-0

[Event "Titled Tue 26th Aug Early"]
[Site "chess.com INT"]
[Date "2025.08.26"]
[Round "11"]
[White "Swara Lakshmi S Nair"]
[Black "Subervi, Jonathan Sigfredo"]
[Result "1-0"]
[WhiteTitle "WCM"]
[BlackTitle "FM"]
[WhiteElo "2138"]
[BlackElo "2007"]
[WhiteFideId "25629239"]
[BlackFideId "6400345"]
[EventDate "2025.08.26"]

1. e4 e6 2. d4 d5 3. Nd2 Nf6 4. e5 Nfd7 5. Bd3 c5 6. c3 Nc6 7. Ne2 cxd4 8. cxd4
f6 9. exf6 Nxf6 10. Nf3 Bd6 11. O-O O-O 12. Bf4 Nh5 13. Bxd6 Qxd6 14. a3 a6 15.
Re1 Rxf3 16. gxf3 Bd7 17. Ng3 Nf4 18. Bf1 h5 19. Qd2 Rf8 20. Ne2 Nxe2+ 21. Rxe2
Rf4 22. Bg2 Nxd4 23. Re3 Nb3 24. Rxb3 Bc6 25. Re1 Qf8 26. Rxe6 Qf5 27. Rbe3 d4
28. R3e5 Qb1+ 29. Re1 Qa1 30. Rxa1 1-0

[Event "Titled Tue 26th Aug Early"]
[Site "chess.com INT"]
[Date "2025.08.26"]
[Round "11"]
[White "Brilej, Jaka"]
[Black "Matveeva, Olga"]
[Result "1-0"]
[WhiteTitle "FM"]
[BlackTitle "WIM"]
[WhiteElo "2334"]
[BlackElo "2132"]
[WhiteFideId "14618818"]
[BlackFideId "24107018"]
[EventDate "2025.08.26"]

1. c4 e6 2. Nf3 d5 3. g3 Nf6 4. Bg2 dxc4 5. Qa4+ Nbd7 6. Qxc4 a6 7. Qb3 c5 8. a4
Qc7 9. d3 b6 10. Nbd2 Bb7 11. Nc4 Be7 12. Bf4 Qc6 13. e4 O-O 14. O-O Rfd8 15.
Rfd1 Rac8 16. Rac1 Ba8 17. Nce5 Qb7 18. Bh3 Nf8 19. Ng5 c4 20. Rxc4 Rxc4 21.
Qxc4 b5 22. axb5 axb5 23. Qb3 Bc5 24. Ngxf7 Nxe4 25. Nxd8 Bxf2+ 26. Kf1 Nxg3+
27. hxg3 Qh1+ 28. Ke2 Qxh3 29. Kxf2 Qg2+ 30. Ke3 1-0

[Event "Titled Tue 26th Aug Early"]
[Site "chess.com INT"]
[Date "2025.08.26"]
[Round "11"]
[White "Carlsen, Magnus"]
[Black "Bachmann, Axel"]
[Result "1-0"]
[WhiteTitle "GM"]
[BlackTitle "GM"]
[WhiteElo "2839"]
[BlackElo "2578"]
[WhiteFideId "1503014"]
[BlackFideId "3700488"]
[EventDate "2025.08.26"]

1. Nf3 d5 2. g3 Nd7 3. c4 dxc4 4. Qa4 Nf6 5. Bg2 e6 6. O-O a6 7. Qxc4 b5 8. Qc2
Bb7 9. d3 c5 10. a4 Bd6 11. Nc3 Qb6 12. Bg5 O-O 13. Rfc1 Rac8 14. axb5 axb5 15.
Qb3 Bc6 16. Nd2 Bxg2 17. Kxg2 Rb8 18. Nce4 Nxe4 19. Nxe4 Rfc8 20. Qa2 Be5 21.
Be3 Qb7 22. f4 Bxb2 23. Qxb2 f5 24. Qa2 c4 25. Qa6 Qxa6 26. Rxa6 fxe4 27. dxc4
bxc4 28. Rxe6 Nf6 29. Bd4 Kf7 30. Ra6 e3 31. Ra7+ Kg6 32. Kf3 Rb3 33. g4 c3 34.
f5+ Kh6 35. Bxe3+ g5 36. h4 1-0

[Event "Titled Tue 26th Aug Early"]
[Site "chess.com INT"]
[Date "2025.08.26"]
[Round "11"]
[White "Bologan, Victor"]
[Black "Puzyrevsky, Semyon"]
[Result "0-1"]
[WhiteTitle "GM"]
[BlackTitle "FM"]
[WhiteElo "2601"]
[BlackElo "2269"]
[WhiteFideId "13900048"]
[BlackFideId "24240931"]
[EventDate "2025.08.26"]

1. e4 c5 2. Nf3 d6 3. c3 Nf6 4. Bd3 g6 5. Bc2 Bg7 6. O-O O-O 7. h3 Nc6 8. d4 e5
9. d5 Ne7 10. c4 Nd7 11. Nc3 h6 12. a3 f5 13. b4 f4 14. Nb5 Rf6 15. Nh2 g5 16.
Bd3 a6 17. Nc3 Rg6 18. Be2 Bf8 19. Bh5 Rg7 20. Ng4 Kh7 21. g3 Ng8 22. bxc5 dxc5
23. Kh2 Ngf6 24. Nxf6+ Nxf6 25. Ra2 Nxh5 26. Qxh5 g4 27. Qxe5 Bd6 28. Qh5 Qf6
29. e5 fxg3+ 30. fxg3 Qxf1 31. Qxh6+ Kg8 32. exd6 Bf5 33. Bg5 Rh7 0-1

[Event "Titled Tue 26th Aug Early"]
[Site "chess.com INT"]
[Date "2025.08.26"]
[Round "11"]
[White "Karttunen, Mika"]
[Black "Gunawardhana, Devindya Oshini"]
[Result "1-0"]
[WhiteTitle "IM"]
[BlackTitle "WIM"]
[WhiteElo "2490"]
[BlackElo "2101"]
[WhiteFideId "502081"]
[BlackFideId "29941482"]
[EventDate "2025.08.26"]

1. e4 e5 2. Nf3 Nc6 3. Bb5 a6 4. Ba4 g6 5. c3 Bg7 6. d4 exd4 7. cxd4 b5 8. Bb3
Nge7 9. d5 Na5 10. Bc2 d6 11. O-O O-O 12. Nc3 c6 13. dxc6 Bg4 14. Bg5 Naxc6 15.
Nd5 h6 16. Bf6 Ra7 17. h3 Bxf3 18. Qxf3 Nd4 19. Qd3 Nxc2 20. Qxc2 Bxf6 21. Nxf6+
Kg7 22. Qc3 Qc8 23. Ne8+ Kg8 24. Qg7# 1-0

[Event "Titled Tue 26th Aug Early"]
[Site "chess.com INT"]
[Date "2025.08.26"]
[Round "11"]
[White "Ibarra Jerez, Jose Carlos"]
[Black "Kuznetsov, Felix"]
[Result "1-0"]
[WhiteTitle "GM"]
[BlackTitle "FM"]
[WhiteElo "2545"]
[BlackElo "2171"]
[WhiteFideId "2226332"]
[BlackFideId "34147990"]
[EventDate "2025.08.26"]

1. e4 c5 2. Nf3 Nc6 3. Nc3 g6 4. d4 cxd4 5. Nxd4 Bg7 6. Be3 Nf6 7. Bc4 O-O 8.
Bb3 a5 9. O-O a4 10. Nxa4 d5 11. Nb5 Nxe4 12. Bb6 Qd7 13. Qe2 Ne5 14. Rad1 e6
15. Bd4 Ra5 16. Nbc3 b5 17. Nb6 Qc6 18. Nxc8 Rxc8 19. f3 b4 20. fxe4 bxc3 21.
exd5 exd5 22. Bxc3 Raa8 23. Bxe5 Re8 24. Bxd5 Qb6+ 25. Qf2 Qxf2+ 26. Rxf2 Rad8
27. Bxf7+ Kh8 28. Bxg7+ Kxg7 29. Rxd8 1-0

[Event "Titled Tue 26th Aug Early"]
[Site "chess.com INT"]
[Date "2025.08.26"]
[Round "11"]
[White "Preobrazhenskaya, Diana"]
[Black "Zampronha, Wladimir Camilo"]
[Result "1-0"]
[WhiteTitle "WFM"]
[WhiteElo "2140"]
[BlackElo "2157"]
[WhiteFideId "34270566"]
[BlackFideId "2103087"]
[EventDate "2025.08.26"]

1. e4 c5 2. Nf3 e6 3. d4 cxd4 4. Nxd4 Nc6 5. Nc3 Qc7 6. Nxc6 bxc6 7. Bd3 d5 8.
Qe2 Nf6 9. exd5 cxd5 10. Nb5 Qb8 11. g3 Bd6 12. Nxd6+ Qxd6 13. Bf4 Qe7 14. Be5
O-O 15. O-O-O Bb7 16. Bd4 a5 17. g4 a4 18. g5 Ne4 19. f3 Nc5 20. a3 Nxd3+ 21.
Rxd3 Ba6 22. Qe5 f6 23. gxf6 gxf6 24. Qg3+ Kh8 25. Rc3 Rac8 26. f4 Rxc3 27. Qxc3
Bc4 28. Re1 Rf7 29. Qh3 e5 30. fxe5 fxe5 31. Rxe5 1-0

[Event "Titled Tue 26th Aug Early"]
[Site "chess.com INT"]
[Date "2025.08.26"]
[Round "11"]
[White "Ocampos, Ian"]
[Black "Silva, Luca"]
[Result "0-1"]
[BlackTitle "FM"]
[WhiteElo "2195"]
[BlackElo "2214"]
[WhiteFideId "117544"]
[BlackFideId "147370"]
[EventDate "2025.08.26"]

1. e4 c5 2. d4 cxd4 3. c3 dxc3 4. Nxc3 e6 5. Bc4 a6 6. Nf3 b5 7. Bd3 Nc6 8. O-O
Nge7 9. Bf4 Ng6 10. Bg3 Bb7 11. Qe2 Be7 12. Rfd1 O-O 13. e5 Nb4 14. Bb1 Nd5 15.
h4 Nxc3 16. bxc3 Bxf3 17. Qxf3 Bxh4 18. Bxh4 Qxh4 19. Rd4 Qg5 20. Rxd7 Nxe5 21.
Qe4 Qc1+ 0-1

[Event "Titled Tue 26th Aug Early"]
[Site "chess.com INT"]
[Date "2025.08.26"]
[Round "11"]
[White "Lisenkov, Svyatoslav"]
[Black "Shevchenko, Yaroslav"]
[Result "1-0"]
[WhiteTitle "FM"]
[WhiteElo "2343"]
[BlackElo "2134"]
[WhiteFideId "34264183"]
[BlackFideId "34144684"]
[EventDate "2025.08.26"]

1. e4 c5 2. Nf3 e6 3. Be2 Nc6 4. O-O Nf6 5. Nc3 Be7 6. Re1 O-O 7. Bf1 d6 8. d3
Rb8 9. a4 a6 10. h3 b5 11. axb5 axb5 12. Bf4 b4 13. Nb1 e5 14. Bg5 Be6 15. Nbd2
Nd7 16. Bxe7 Qxe7 17. g3 Ra8 18. h4 Nb6 19. Ng5 Bd7 20. Bh3 h6 21. Bxd7 Qxd7 22.
Ngf3 Rxa1 23. Qxa1 Ra8 24. Qb1 Qa7 25. b3 Qa2 26. Qc1 Qa3 27. Qb1 Qa6 28. h5 Qc8
29. Kg2 Ra3 30. Rh1 Nd4 31. Nxd4 cxd4 32. Nc4 Nxc4 33. bxc4 Qc5 34. Qd1 Rc3 35.
Qg4 Qc7 36. Ra1 Qb8 37. Qd7 Rxc2 38. Ra7 Qf8 39. Rc7 b3 40. Rc8 Qxc8 41. Qxc8+
Kh7 42. Qb7 Rc3 43. Qxf7 Rxd3 44. Qg6+ Kh8 45. Qxd6 Rd1 46. Qxe5 b2 47. Qb8+ Kh7
48. Qxb2 d3 49. Qd4 1-0

[Event "Titled Tue 26th Aug Early"]
[Site "chess.com INT"]
[Date "2025.08.26"]
[Round "11"]
[White "Gibala, Adam"]
[Black "Rogov, Matfey"]
[Result "1-0"]
[WhiteTitle "FM"]
[BlackTitle "FM"]
[WhiteElo "2300"]
[BlackElo "2348"]
[WhiteFideId "21070288"]
[BlackFideId "44191308"]
[EventDate "2025.08.26"]

1. c4 f6 2. d4 Kf7 3. e4 g6 4. Nc3 c6 5. h4 e6 6. h5 Bg7 7. Bd3 g5 8. f4 h6 9.
Nf3 d6 10. O-O g4 11. Nh4 e5 12. fxe5 dxe5 13. d5 Ne7 14. c5 cxd5 15. exd5 Re8
16. d6 Nec6 17. Bc4+ Be6 18. Qxg4 Qd7 19. Nf5 Rg8 20. Bxh6 Bh8 21. Qe4 Bxc4 22.
Qxc4+ Qe6 23. Qe4 Nd7 24. Be3 Raf8 25. Nd5 Bg7 26. Nc7 Nxc5 27. Bxc5 Qd7 28.
Qd5+ 1-0

[Event "Titled Tue 26th Aug Early"]
[Site "chess.com INT"]
[Date "2025.08.26"]
[Round "11"]
[White "Klukin, Kirill"]
[Black "Nepomniachtchi, Ian"]
[Result "0-1"]
[WhiteTitle "IM"]
[BlackTitle "GM"]
[WhiteElo "2401"]
[BlackElo "2742"]
[WhiteFideId "24199273"]
[BlackFideId "4168119"]
[EventDate "2025.08.26"]

1. d4 Nf6 2. Nf3 e6 3. e3 c5 4. Bd3 d5 5. c3 Nc6 6. O-O Be7 7. dxc5 Bxc5 8. b4
Bd6 9. Nbd2 O-O 10. Bb2 Bd7 11. a3 a5 12. e4 Qc7 13. Qe2 Rfe8 14. b5 Ne5 15.
Nxe5 Bxe5 16. Nf3 dxe4 17. Nxe5 exd3 18. Qe3 Bxb5 19. c4 Bxc4 20. Rac1 b5 21.
Qg5 h6 22. Qh4 d2 23. Nxc4 dxc1=Q 24. Rxc1 bxc4 25. Bxf6 gxf6 26. Qxh6 Rad8 0-1

[Event "Titled Tue 26th Aug Early"]
[Site "chess.com INT"]
[Date "2025.08.26"]
[Round "11"]
[White "Kleibel, Uwe"]
[Black "Imomkuzieva, Nilufarkhon"]
[Result "1-0"]
[WhiteTitle "FM"]
[BlackTitle "WFM"]
[WhiteElo "2301"]
[BlackElo "2105"]
[WhiteFideId "1270982"]
[BlackFideId "14216736"]
[EventDate "2025.08.26"]

1. e4 e5 2. Nf3 Nc6 3. d4 exd4 4. Nxd4 Bc5 5. Nxc6 Qf6 6. Qf3 bxc6 7. Nd2 Rb8 8.
Bd3 d5 9. O-O Qxf3 10. Nxf3 Ne7 11. c4 O-O 12. b3 Be6 13. Bf4 dxc4 14. Bxc4 Bxc4
15. bxc4 Rb4 16. Bxc7 Rxc4 17. Rfc1 Rxc1+ 18. Rxc1 Ba3 19. Rc3 Rc8 20. Rxa3 Rxc7
21. Kf1 c5 22. Ke2 g6 23. Kd3 f5 24. exf5 Nxf5 25. Kc4 Kf7 26. Ra5 Ke6 27. Rxc5
Nd6+ 28. Kb4 Rb7+ 29. Ka3 Nb5+ 30. Rxb5 Rxb5 31. Nd4+ 1-0

[Event "Titled Tue 26th Aug Early"]
[Site "chess.com INT"]
[Date "2025.08.26"]
[Round "11"]
[White "Aalto, Patrik"]
[Black "Goldin, Roman"]
[Result "1-0"]
[WhiteTitle "FM"]
[BlackTitle "FM"]
[WhiteElo "2335"]
[BlackElo "2284"]
[WhiteFideId "510726"]
[BlackFideId "2803860"]
[EventDate "2025.08.26"]

1. c4 e5 2. g3 Nf6 3. Bg2 d5 4. cxd5 Nxd5 5. Nc3 Nb6 6. Nf3 Nc6 7. O-O Be7 8.
Rb1 a5 9. d3 O-O 10. Be3 Be6 11. Bxb6 cxb6 12. Qa4 Qd7 13. Nd2 Rac8 14. Rbc1
Rfd8 15. Rfd1 Bb4 16. a3 Bxc3 17. bxc3 h5 18. Rb1 Nd4 19. Qxd7 Nxe2+ 20. Kf1
Rxd7 21. Kxe2 Rxc3 22. Ne4 Rxa3 23. Rxb6 Rb3 24. Rxb3 Bxb3 25. Rd2 b6 26. Rb2 a4
27. Nd2 Rc7 28. Nxb3 axb3 29. Rxb3 Rc2+ 30. Ke3 f5 31. Rxb6 Kf7 32. Bd5+ Kf8 33.
h4 1-0

[Event "Titled Tue 26th Aug Early"]
[Site "chess.com INT"]
[Date "2025.08.26"]
[Round "11"]
[White "Ono, David"]
[Black "Purygin, Andrei"]
[Result "0-1"]
[BlackTitle "FM"]
[WhiteElo "2110"]
[BlackElo "2309"]
[WhiteFideId "146943"]
[BlackFideId "24111180"]
[EventDate "2025.08.26"]

1. c4 Nf6 2. g3 d5 3. cxd5 Nxd5 4. Bg2 e5 5. Nc3 Be6 6. Nf3 Nc6 7. O-O Qd7 8.
Re1 O-O-O 9. d3 f6 10. a3 g5 11. Nxd5 Bxd5 12. b4 h5 13. b5 Nb8 14. Be3 h4 15.
Qc2 hxg3 16. hxg3 g4 17. Bxa7 gxf3 18. exf3 Bd6 19. a4 Be6 20. a5 Bh3 21. Bh1
Bf5 22. Bg2 Bh3 23. Bh1 Bf1 24. Kxf1 Rxh1+ 25. Ke2 Rxe1+ 26. Kxe1 Qxb5 27. Bxb8
Kxb8 28. a6 bxa6 29. Rb1 Bb4+ 30. Ke2 a5 31. f4 e4 32. Qc4 exd3+ 0-1

[Event "Titled Tue 26th Aug Early"]
[Site "chess.com INT"]
[Date "2025.08.26"]
[Round "11"]
[White "Arslanov, Shamil"]
[Black "Ibrahimli, Murad"]
[Result "0-1"]
[WhiteTitle "IM"]
[BlackTitle "IM"]
[WhiteElo "2410"]
[BlackElo "2445"]
[WhiteFideId "4192826"]
[BlackFideId "13410229"]
[EventDate "2025.08.26"]

1. d4 d5 2. e4 dxe4 3. Nc3 Nf6 4. f3 Nc6 5. Bb5 a6 6. Bxc6+ bxc6 7. fxe4 e5 8.
Nf3 exd4 9. Qxd4 Qxd4 10. Nxd4 Bd7 11. Bf4 O-O-O 12. O-O-O Bb4 13. Bg5 Bxc3 14.
bxc3 Rde8 15. Bxf6 gxf6 16. Rhf1 Rhg8 17. g3 Rg6 18. Rde1 Kb7 19. Rf4 c5 20. Nb3
Kb6 21. Ref1 Re6 22. Nd2 Bb5 23. R1f2 a5 24. Nf3 Bc6 25. Nh4 Rh6 26. Re2 Rh5 27.
Kd2 Rhe5 28. Kd3 c4+ 29. Kd4 Bb7 30. Kxc4 Ba6+ 31. Kd4 Bxe2 0-1

[Event "Titled Tue 26th Aug Early"]
[Site "chess.com INT"]
[Date "2025.08.26"]
[Round "11"]
[White "Grieve, Harry"]
[Black "Bahmani, Koorosh"]
[Result "1-0"]
[WhiteTitle "IM"]
[BlackTitle "CM"]
[WhiteElo "2479"]
[BlackElo "2205"]
[WhiteFideId "426520"]
[BlackFideId "42576750"]
[EventDate "2025.08.26"]

1. a3 Nf6 2. d4 g6 3. Nc3 d5 4. Bf4 Bg7 5. Nb5 Na6 6. e3 O-O 7. Be2 c6 8. Nc3 c5
9. Nf3 Bf5 10. Bxa6 bxa6 11. dxc5 Rc8 12. b4 Nh5 13. Be5 f6 14. Bg3 Be6 15. O-O
Nxg3 16. hxg3 Bf7 17. e4 f5 18. e5 e6 19. Re1 Qc7 20. Qe2 Rfd8 21. Nd4 a5 22.
Ncb5 Qb8 23. c3 Be8 24. Nd6 Rc7 25. Nxe6 Re7 26. Nxd8 Qxd8 27. f4 Bc6 28. Rad1
Qc7 29. b5 Bd7 30. c6 Be6 31. Qf2 h6 32. Qc5 Bf8 33. Rxd5 Bxd5 34. Qxd5+ Kh7 35.
c4 Rg7 36. c5 Re7 37. e6 Rg7 38. Ne8 Re7 39. Nxc7 1-0

[Event "Titled Tue 26th Aug Early"]
[Site "chess.com INT"]
[Date "2025.08.26"]
[Round "11"]
[White "Tarhan, Adar"]
[Black "Waldhausen Gordon, Frederick"]
[Result "0-1"]
[WhiteTitle "IM"]
[BlackTitle "FM"]
[WhiteElo "2474"]
[BlackElo "2393"]
[WhiteFideId "34544712"]
[BlackFideId "2409143"]
[EventDate "2025.08.26"]

1. e4 e5 2. Nf3 Nc6 3. Bb5 a6 4. Ba4 Nf6 5. O-O Be7 6. Re1 b5 7. Bb3 O-O 8. c3
d6 9. h3 Nb8 10. d4 Nbd7 11. Nbd2 Bb7 12. a4 c5 13. axb5 axb5 14. Rxa8 Qxa8 15.
d5 c4 16. Bc2 Nc5 17. Nf1 Nfd7 18. Ng3 g6 19. Bg5 Bxg5 20. Nxg5 Qd8 21. Qd2 h6
22. Nf3 Kh7 23. Ra1 Qf6 24. Ra5 Ba6 25. Qc1 Nb6 26. Qa1 Nba4 27. Bxa4 bxa4 28.
Nd2 Rb8 29. Qa3 Qd8 30. Rxc5 dxc5 31. Qxa4 Rxb2 32. Qxa6 Rxd2 33. Qxc4 Qf6 34.
Qxc5 Qf4 35. Nf1 Rd1 36. Qc4 Qd2 37. g3 Qe1 38. Kg2 Rb1 39. d6 Kg7 40. d7 Rd1
41. Qb5 Qxe4+ 42. Kg1 Qd5 43. d8=Q Qxd8 44. Qxe5+ Kg8 45. Kg2 Qa8+ 46. Kg1 Qa6
47. Qe8+ Kg7 48. Qe5+ Kh7 0-1